Grape growing (Record no. 26886)

MARC details
000 -LEADER
fixed length control field 00291nam a2200121Ia 4500
082 ## - DEWEY DECIMAL CLASSIFICATION NUMBER
Classification number 634.8.076
Item number WEA
100 ## - MAIN ENTRY--AUTHOR NAME
Personal name WEAVER, Robert J
245 #0 - TITLE STATEMENT
Title Grape growing
260 ## - PUBLICATION, DISTRIBUTION, ETC. (IMPRINT)
Place of publication New York
Name of publisher John Wiley
650 ## - SUBJECT ADDED ENTRY--TOPICAL TERM
Topical Term Grape production
942 ## - ADDED ENTRY ELEMENTS (KOHA)
Koha item type Books
Holdings
Withdrawn status Lost status Damaged status Not for loan Home library Current library Date acquired Full call number Accession Number Koha item type
        RRII Library RRII Library 16/12/2021 634.8.076 WEA 07517 Books